书目信息 |
| 题名: |
英语专业毕业论文写作
|
|
| 作者: | 穆诗雄 主编 | |
| 分册: | ||
| 出版信息: | 北京 外语教学与研究出版社 2012 |
|
| 页数: | 196页 | |
| 开本: | 26cm | |
| 丛书名: | ||
| 单 册: | ||
| 中图分类: | G642.477 , H315 | |
| 科图分类: | ||
| 主题词: | 英语--毕业论文--写作--高等学校--教材 | |
| 电子资源: | ||
| ISBN: | 978-7-5135-2290-8 | |
| 000 | 01140nam0 2200289 45 | |
| 001 | 012001002761 | |
| 005 | 20180926151841.39 | |
| 010 | @a978-7-5135-2290-8@dCNY36.90 | |
| 100 | @a20130208d2012 em y0chiy0110 ea | |
| 101 | 0 | @achi@aeng |
| 102 | @aCN@b110000 | |
| 105 | @ay z 000yy | |
| 106 | @ar | |
| 200 | 1 | @a英语专业毕业论文写作@9ying yu zhuan ye bi ye lun wen xie zuo@dAn introduction to thesis writing for English majors@f穆诗雄主编@zeng |
| 205 | @a2版 | |
| 210 | @a北京@c外语教学与研究出版社@d2012 | |
| 215 | @a196页@d26cm | |
| 300 | @a高等学校英语专业系列教材 | |
| 300 | @a并列题名:An introduction to thesis writing for English majors | |
| 330 | @a本书全面介绍英语专业毕业论文写作的基本知识和写作过程中各阶段的注意事项,并通过大量的范例和真实习作,详细讲解文学、语言学、文化、翻译、教学法五个研究方向的论文写作思路和要领。 | |
| 510 | 1 | @aAn introduction to thesis writing for English majors@zeng |
| 606 | 0 | @a英语@x毕业论文@x写作@x高等学校@j教材 |
| 690 | @aG642.477@v5 | |
| 690 | @aH315@v5 | |
| 701 | 0 | @a穆诗雄@9mu shi xiong@4主编 |
| 801 | 0 | @aCN@b上海新华@c20180901 |
| 905 | @b1158584-8@dG642.477@e1050=2@f5 | |
| 英语专业毕业论文写作=An introduction to thesis writing for English majors/穆诗雄主编.-2版.-北京:外语教学与研究出版社,2012 |
| 196页;26cm |
| 高等学校英语专业系列教材.-并列题名:An introduction to thesis writing for English majors |
| ISBN 978-7-5135-2290-8:CNY36.90 |
| 本书全面介绍英语专业毕业论文写作的基本知识和写作过程中各阶段的注意事项,并通过大量的范例和真实习作,详细讲解文学、语言学、文化、翻译、教学法五个研究方向的论文写作思路和要领。 |
| ● |
| 相关链接 |
|
|
|
|
正题名:英语专业毕业论文写作
索取号:G642.477/1050=2
 
预约/预借
| 序号 | 登录号 | 条形码 | 馆藏地/架位号 | 状态 | 备注 |
| 1 | 1158584 | 211585845 | 第一样本阅览室/ [索取号:G642.477/1050=2] | 在馆 | |
| 2 | 1158585 | 211585854 | 第四借阅区/ [索取号:G642.477/1050=2] | 在馆 | |
| 3 | 1158586 | 211585863 | 第四借阅区/ [索取号:G642.477/1050=2] | 在馆 | |
| 4 | 1158587 | 211585872 | 第四借阅区/ [索取号:G642.477/1050=2] | 在馆 | |
| 5 | 1158588 | 211585881 | 第四借阅区/ [索取号:G642.477/1050=2] | 在馆 |